Theory of elastic stability / (رقم التسجيلة. 32153)

تفاصيل مارك
000 -الفاتح
حقل البيانات ثابتة الطول 01351cam a2200337 a 4500
001 - رقم الضبط
رقم الضبط 15604046
003 - محدد رقم الضبط
رقم الضبط OSt
005 - وقت وتاريخ اخر تعامل مع التسجيلة
رقم الضبط 20150408114152.0
008 - عناصر البيانات ثابتة الطول - معلومات عامة
حقل البيانات ثابتة الطول 090129r20091961nyua b 001 0 eng
010 ## - رقم ضبط مكتبة الكونجرس
رقم ضبط مكتبة الكونجرس 2009003597
020 ## - الرقم الدولى المعيارى للكتب
الرقم الدولى المعيارى للكتاب 9780486472072 (pbk.)
020 ## - الرقم الدولى المعيارى للكتب
الرقم الدولى المعيارى للكتاب 0486472078 (pbk.)
035 ## - رقم ضبط النظام
رقم ضبط النظام (OCoLC)ocn294885242
040 ## - مصدر الفهرسة
وكالة الفهرسة الأصلية DLC
وكالة النسخ DLC
وكالة التعديل YDX
-- BTCTA
-- YDXCP
-- DLC
050 00 - رقم طلب مكتبة الكونجرس
رقم التصنيف QA931
رقم المادة .T54 2009
082 00 - رقم تصنيف ديوى العشرى
رقم التصنيف 531.382
رقم الطبعة 22
رقم المادة STT
100 1# - المدخل الرئيسى - إسم شخصى
الإسم الشخصى Timoshenko, Stephen,
التواريخ المصاحبة للاسم 1878-1972.
9 (RLIN) 40015
245 10 - بيان العنوان
العنوان Theory of elastic stability /
بيان المسئوليه,etc Stephen P. Timoshenko, James M. Gere.
250 ## - بيان الطبعة
بيان الطبعة 2nd ed., Dover ed.
260 ## - PUBLICATION, DISTRIBUTION, ETC. (IMPRINT)
مكان الناشر او الموزع Mineola, N.Y. :
اسم الناشر او الموزع Dover Publications,
تاريخ النشر أو التوزيع 2009.
300 ## - الوصف المادى
التعداد xvi, 541 p. :
تفاصيل ماديه اخرى للوعاء ill. ;
أبعاد الوعاء 22 cm.
500 ## - تبصرة عامة
تبصرة عامة Originally published: New York : McGraw Hill Book, 1961.
504 ## - تبصرة ببليوجرافية
تبصرة ببليوجرافية,الخ Includes bibliographical references and indexes.
650 #0 - المدخل الاضافى بالموضوع-مصطلح موضوعى
مصطلح موضوعي أو اسم جغرافي كعنصر مدخل Elasticity.
9 (RLIN) 40016
650 #0 - المدخل الاضافى بالموضوع-مصطلح موضوعى
مصطلح موضوعي أو اسم جغرافي كعنصر مدخل Strains and stresses.
9 (RLIN) 36531
700 1# - المدخل الاضافى - اسم شخصى
الإسم الشخصى Gere, James M.
9 (RLIN) 40017
856 42 - الوصول و الموقع الالكترونى
مواد محددة Publisher description
معرف المصدر الموحد <a href="http://www.loc.gov/catdir/enhancements/fy0905/2009003597-d.html">http://www.loc.gov/catdir/enhancements/fy0905/2009003597-d.html</a>
906 ## - عنصر بيانات محلى F, LDF (RLIN)
a 7
b cbc
c orignew
d 1
e ecip
f 20
g y-gencatlg
942 ## - عناصر المدخل الإضافي( كوها)
مصدر التصنيف او مخطط الترفيف Dewey Decimal Classification
Koha [default] item type DVD
المقتنيات
حالة الفقد نموذج السعر الفعال حالة تلف ليس للاعارة رقم الطلب تاريخ الاكتساب الموقع الحالي الفرع الرئيسي Date last seen نوع المادة فى نظام كوها مصدر التصنيف او خطة الترفيف Total Checkouts
  2013-11-16     531.382 STT 2013-11-16 المكتبة المركزية بالمجمعة (CL) المكتبة المركزية بالمجمعة (CL) 2013-11-16 كتاب Dewey Decimal Classification